书目信息 |
| 题名: |
列宁-人民的公仆
|
|
| 作者: | 诸瑞耕 著 | |
| 分册: | ||
| 出版信息: | 石家庄 河北人民出版社 1981 |
|
| 页数: | 133页 | |
| 开本: | 15cm | |
| 丛书名: | ||
| 单 册: | ||
| 中图分类: | A732 | |
| 科图分类: | ||
| 主题词: | 列宁--生平事迹 , 列宁--传记 | |
| 电子资源: | ||
| ISBN: | ||
| 000 | 00555nam0 2200205 450 | |
| 001 | 0640737765 | |
| 005 | 20060804112110.42 | |
| 010 | @dCNY0.42 | |
| 100 | @a20060804d1981 km y0chiy0120 ea | |
| 101 | 0 | @achi |
| 102 | @aCN@b130000 | |
| 200 | 1 | @a列宁-人民的公仆@Alie ning-ren min de gong pu@f诸瑞耕著@Fzhu rui geng zhu |
| 210 | @a石家庄@c河北人民出版社@d1981 | |
| 215 | @a133页@d15cm | |
| 606 | 0 | @a列宁@x生平事迹 |
| 606 | 0 | @a列宁@x传记 |
| 690 | @aA732@v3 | |
| 701 | 0 | @a诸瑞耕@Azhu rui geng@4著 |
| 801 | 0 | @aCN@bPFT@c20060804 |
| 905 | @a10447@dA732@e143 | |
| 列宁-人民的公仆/诸瑞耕著.-石家庄:河北人民出版社,1981 |
| 133页;15cm |
| ISBN :CNY0.42 |
| ● |
| 相关链接 |
|
|
|
|
正题名:列宁-人民的公仆
索取号:A732/143
 
预约/预借
| 序号 | 登录号 | 条形码 | 馆藏地/架位号 | 状态 | 备注 |
| 1 | 0446969 | 204469690 | 密集书库/ [索取号:A732/143] | 在馆 |